000 00456nam a2200157Ia 4500
999 _c16002
_d16002
082 _a025.431 SAT-;
100 _aSatija, M.P.
245 0 _aIntroduction to the practice of Dewey decimal classification
260 _aBanglore
_bSterling Publishers
_c1987
300 _a152p.
650 _aLibrary science
650 _aClassification - Books
650 _aLibrary education
650 _aClassification, Dewey decimal - Study and teaching
942 _cBK